书目信息 |
| 题名: |
机电工程管理与实务模拟试题及解析
|
|
| 作者: | 本书编委会编写 | |
| 分册: | ||
| 出版信息: | 北京 中国建筑工业出版社 2015.01 |
|
| 页数: | 113页 | |
| 开本: | 26cm | |
| 丛书名: | 2015年版全国二级建造师执业资格考试模拟试题及解析 | |
| 单 册: | ||
| 中图分类: | TH-44 | |
| 科图分类: | ||
| 主题词: | 机电工程--ji dian gong cheng--资格考试--题解 | |
| 电子资源: | ||
| ISBN: | 978-7-112-17462-1 | |
| 000 | 01094nam 2200253 450 | |
| 001 | CAL 0120151470655 | |
| 005 | 20150825153433.65 | |
| 010 | @a978-7-112-17462-1@dCNY20.00 | |
| 100 | @a20150115d2015 em y0chiy50 ea | |
| 101 | 0 | @achi |
| 102 | @aCN@b110000 | |
| 105 | @ak q 000yy | |
| 106 | @ar | |
| 200 | 1 | @a机电工程管理与实务模拟试题及解析@Aji dian gong cheng guan li yu shi wu mo ni shi ti ji jie xi@e2H300000@f本书编委会编写 |
| 210 | @a北京@c中国建筑工业出版社@d2015.01 | |
| 215 | @a113页@d26cm | |
| 225 | 2 | @a2015年版全国二级建造师执业资格考试模拟试题及解析@A2015 nian ban quan guo er ji jian zao shi zhi ye zi ge kao shi mo ni shi ti ji jie xi |
| 330 | @a本书主要内容包括: 第四版大纲分析及大纲结构和内容, 复习方法及答题技巧 ; 模拟试题及参考答案三部分, 包含了10套二级建造师《机电工程管理与实务》模拟试题, 每道题都附有详细的答案解析。 | |
| 410 | 0 | @12001 @a2015年版全国二级建造师执业资格考试模拟试题及解析 |
| 586 | @a | |
| 606 | 0 | @a机电工程@Aji dian gong cheng@x资格考试@j题解 |
| 690 | @aTH-44@v5 | |
| 801 | 0 | @aCN@c20150820 |
| 905 | @a河南城建学院图书馆@dTH-44@eJ0047@f3 | |
| 机电工程管理与实务模拟试题及解析:2H300000/本书编委会编写.-北京:中国建筑工业出版社,2015.01 |
| 113页;26cm.-(2015年版全国二级建造师执业资格考试模拟试题及解析) |
| ISBN 978-7-112-17462-1:CNY20.00 |
| 本书主要内容包括: 第四版大纲分析及大纲结构和内容, 复习方法及答题技巧 ; 模拟试题及参考答案三部分, 包含了10套二级建造师《机电工程管理与实务》模拟试题, 每道题都附有详细的答案解析。 |
| ● |
| 相关链接 |
|
|
|
正题名:机电工程管理与实务模拟试题及解析
索取号:TH-44/J0047
 
预约/预借
| 序号 | 登录号 | 条形码 | 馆藏地/架位号 | 状态 | 备注 |
| 1 | 1223949 | 212239497 | 自科库501/501自科库 31排2列3层/ [索取号:TH-44/J0047] | 在馆 | |
| 2 | 1223950 | 212239503 | 自科库501/501自科库 31排2列3层/ [索取号:TH-44/J0047] | 在馆 | |
| 3 | 1223951 | 212239512 | 自科二线400A/400A自科库 26排2列2层/ [索取号:TH-44/J0047] | 在馆 |